000 00637nam a2200193Ia 4500
005 20250508163433.0
008 008 250505s9999 xx 000 0 eng d
037 _aDissertations
040 _aFEDL
_beng
_cFEDL
041 _aeng
_2eng
084 _a376, DES/DI
_qFEDL
100 _aDe Santis Vrinda Dar
_9775314
245 0 _aEducational disharmony : Incongruencies and tensions in the process of the education of the girl in the context of modern urban India
260 _c1989
300 _a91p.
546 _aM.Phil. Dissertation, (Delhi University)
942 _cDIS
_h376, DES/DI
999 _c1383231
_d1383231